| Поле | Инд. | ПП | Название | Значение |
|---|---|---|---|---|
| Тип записи | a | |||
| Библиографический уровень | b | |||
| 001 | Контрольный номер | UNIDUBNAe48b3e4286914420b68526215ee163b1 | ||
| 005 | Дата корректировки | 20250828200411.5 | ||
| 008 | Кодируемые данные | 20170331 | ||
| 040 | b | Код языка каталог. | rus | |
| e | Правила каталог. | PSBO | ||
| 041 | 0_ | a | Код языка текста | rus |
| 084 | a | Индекс другой классификации/Индекс ББК | 60.992 | |
| 100 | 1_ | a | Автор | Забелина Н. В. |
| q | Полное имя | Забелина Наталия Васильевна | ||
| 100 | 1_ | a | Автор | Зайченко И. С. |
| q | Полное имя | Зайченко Иван Сергеевич | ||
| 245 | 10 | a | Заглавие | Здоровьесберегающие технологии в системе социального обслуживания пожилых людей |
| 504 | a | Библиография | Лит. в конце статьи | |
| 520 | 0_ | a | Аннотация | Представлены результаты эмпирического исследования влияния здоровьесберегающих технологий на пожилых людей. Отражена практика реализации технологии "Школа здоровья". Отмечается положительное влияние на пожилых здоровьесберегающих технологий. Авторы полагают, что применение данной технологии позволит улучшить качество жизни. |
| 650 | 14 | a | Основная рубрика | социальная работа |
| 653 | 0_ | a | Ключевые слова | "Школа здоровья" |
| a | Ключевые слова | адаптивная физическая культура | ||
| a | Ключевые слова | благополучие | ||
| a | Ключевые слова | досуг | ||
| a | Ключевые слова | здоровый образ жизни | ||
| a | Ключевые слова | здоровьесберегающие технологии | ||
| a | Ключевые слова | качество жизни | ||
| a | Ключевые слова | коммуникативные компетенции | ||
| a | Ключевые слова | комплексный подход | ||
| a | Ключевые слова | коррекционно-реабилитационные технологии | ||
| a | Ключевые слова | оздоровление | ||
| a | Ключевые слова | пенсионеры | ||
| a | Ключевые слова | пожилые люди | ||
| a | Ключевые слова | продолжительность жизни | ||
| a | Ключевые слова | психосоциальная работа | ||
| a | Ключевые слова | Россия | ||
| a | Ключевые слова | социальная поддержка | ||
| a | Ключевые слова | социальная политика | ||
| a | Ключевые слова | социальная реальность | ||
| a | Ключевые слова | социальное обслуживание | ||
| a | Ключевые слова | социально-психологические технологии | ||
| a | Ключевые слова | социальные проекты | ||
| a | Ключевые слова | старение населения | ||
| a | Ключевые слова | удовлетворенность жизнью | ||
| a | Ключевые слова | уровень информированности | ||
| a | Ключевые слова | физическая активность | ||
| a | Ключевые слова | центры социального обслуживания | ||
| 773 | 08 | t | Заглавие источника | Отечественный журнал социальной работы |
| d | Дата издания источника | 2023 | ||
| g | Прочая информация | № 4. - С. 109 - 114 | ||
| w | Контрольный № источника | UNIDUBNA8519d4f2c1714d859c3e1f0162350cf7 | ||
| 901 | t | Тип документа | b |